De l'influence que doit exercer la phrénologie sur les progrès ultérieurs de la philosophie et de la morale / (Record no. 156696)

MARC details
000 -LEADER
campo de control de longitud fija 00728nam a22001815i 4500
001 - NÚMERO DE CONTROL
campo de control 156696
003 - IDENTIFICADOR DE NÚMERO DE CONTROL
campo de control ES-MaACL
005 - FECHA Y HORA DE LA ÚLTIMA TRANSACCIÓN
campo de control 20250811100114.0
008 - DATOS DE LONGITUD FIJA--INFORMACIÓN GENERAL
campo de control de longitud fija 040805s1853 fr |||| | fre d
040 ## - FUENTE DE CATALOGACIÓN
Centro catalogador/agencia de origen CAM
Lengua de catalogación spa
Centro/agencia transcriptor CAM
100 1# - ENTRADA PRINCIPAL--NOMBRE DE PERSONA
Nombre de persona La Corbière, J. B. Beunaiche de.
9 (RLIN) 128510
245 10 - MENCIÓN DEL TÍTULO
Título De l'influence que doit exercer la phrénologie sur les progrès ultérieurs de la philosophie et de la morale /
Mención de responsabilidad, etc. par La Corbière (Beunaiche de).
260 ## - PUBLICACIÓN, DISTRIBUCIÓN, ETC.
Lugar de publicación, distribución, etc. Paris :
Nombre del editor, distribuidor, etc. Victor Masson,
Fecha de publicación, distribución, etc. 1853 (
Fabricante Typographie Hennuyer)
300 ## - DESCRIPCIÓN FÍSICA
Extensión 150 p. :
Otras características físicas il. ;
Dimensiones 22 cm.
650 #7 - PUNTO DE ACCESO ADICIONAL DE MATERIA--TÉRMINO DE MATERIA
Término de materia o nombre geográfico como elemento de entrada Psiquiatría
Fuente del encabezamiento o término embne
9 (RLIN) 16586
852 ## - LOCALIZACIÓN
Ubicación ES-MaACL
Número de control de estantería R-1368(5)
Nota libre -- Enc. hol.
-- -- Enc. en un vol. facticio
-- .- Donat. Mateo Seoane
Holdings
Estatus retirado Estado de pérdida Estado de daño No para préstamo Colección Biblioteca de origen Biblioteca actual Ubicación en estantería Fecha de adquisición Total de préstamos Signatura topográfica completa Código de barras Visto por última vez Precio de reemplazo Tipo de ítem Koha
        Libros del s. XIX Biblioteca del Ateneo de Madrid Biblioteca del Ateneo de Madrid Depósito 17/01/2008   R-1368(5) 1163940 23/02/2023 23/02/2023 Libro impreso antiguo